Publicidad y comunicacion integral de marca/ (Registro nro. 9234)

Detalles MARC
000 -LEADER
fixed length control field 02128nam a2200217Ia 4500
005 - FECHA Y HORA DE LA ÚLTIMA TRANSACCIÓN
control field 20230911104526.0
008 - FIXED-LENGTH DATA ELEMENTS--GENERAL INFORMATION
fixed length control field 230906s9999 xx 000 0 und d
020 ## - INTERNATIONAL STANDARD BOOK NUMBER
International Standard Book Number 9789706866073
040 ## - CATALOGING SOURCE
Original cataloging agency UPAN
Transcribing agency Biblioteca San Vicente
Description conventions RCAA2
041 ## - LANGUAGE CODE
Language code of text/sound track or separate title spa
082 ## - DEWEY DECIMAL CLASSIFICATION NUMBER
Classification number 659.11
Item number G856p
año de publicación 2007
100 ## - MAIN ENTRY--PERSONAL NAME
Personal name Guinn, Thomas
Relator code aut.
245 #0 - TITLE STATEMENT
Title Publicidad y comunicacion integral de marca/
Remainder of title Thomas O`¡
250 ## - EDITION STATEMENT
Edition statement 4ª ed.
260 ## - PUBLICATION, DISTRIBUTION, ETC. (IMPRINT)
Place of publication, distribution, etc Mexico:
Name of publisher, distributor, etc Cengace,
Date of publication, distribution, etc 2007
300 ## - PHYSICAL DESCRIPTION
Extent 781 p.;
Dimensions 27 cm.
505 ## - FORMATTED CONTENTS NOTE
Formatted contents note Parte 1. La publicidad y la comunicación integral de marca en los negocios y en la sociedad <br/>1. El mundo de la publicidad y la comunicación integral de marca<br/>2. La estructura de la industria publicitaria: anunciantes, agencias publicitarias y organizaciones de apoyo<br/>3. La evolución en la promoción y publicidad de las marcas<br/>4. Aspectos sociales, éticos y reguladores de la publicidad <br/>Parte 2. La planeación: análisis del entorno de la publicidad y la comunicación integral de marca<br/>5. Publicidad, comunicación integral de marca y conducta del consumidor<br/>6. Segmentación de mercados, posicionamiento y la propuesta del valor<br/>7. Investigación de la publicidad y la promoción<br/>8. Planeación de la publicidad y la comunicación integral de marca<br/>9. Planeación de la publicidad: una perspectiva internacional<br/>Parte 3. Diseño del mensaje <br/>10. Creatividad, publicidad y la marca<br/>11. Estrategia del mensaje<br/>12. Redacción de copys o guiones publicitarios <br/>13. Dirección de arte y producción <br/>Parte 4. Colocación del mensaje en medios convencionales y nuevos <br/>14. Estrategia y planeación de los medios para la publicidad y la CIM <br/>15. Planeación de medios: impresos, radios y televisión<br/>16. Planeación de medios: la publicidad y la CIM <br/>Parte 5. Comunicación integral de marca <br/>17. Medios de apoyo, patrocinio de eventos y espectáculos con marcas<br/>18. Promoción de ventas y publicidad en el punto de compra <br/>19. Marketing directo<br/>20. Relaciones públicas y publicidad corporativa
650 ## - SUBJECT ADDED ENTRY--TOPICAL TERM
Source of heading or term LEMB
Topical term or geographic name as entry element Comunicación
General subdivision Publicidad
700 ## - ADDED ENTRY--PERSONAL NAME
Personal name Chris T. Allen
Relator code aut.
942 ## - ADDED ENTRY ELEMENTS (KOHA)
Koha item type Libros
Source of classification or shelving scheme Dewey Decimal Classification
Existencias
Withdrawn status Lost status Source of classification or shelving scheme Damaged status Not for loan Collection code Home library Current library Date acquired Total Checkouts Full call number Barcode Date last seen Copy number Price effective from Koha item type
    Dewey Decimal Classification     Colección General Biblioteca UPAN San Vicente Biblioteca UPAN San Vicente 06/09/2023   659.11 G856p 12002392 06/09/2023 01 06/09/2023 Libros